000 00331pab a2200157 454500
008 180718b2009 xxu||||| |||| 00| 0 eng d
100 _aSainath, P.
245 _aWays of seeing
260 _c2009
300 _ap.51-55.
362 _aMar
650 _aAgrarian structure
773 _aSeminar
908 _aN
909 _a82050
999 _c82050
_d82050